| 000 | 00521nam a2200193Ia 4500 | ||
|---|---|---|---|
| 999 |
_c10163 _d10163 |
||
| 003 | OSt | ||
| 005 | 20191219130553.0 | ||
| 008 | 190216s9999||||xx |||||||||||||| ||und|| | ||
| 020 | _a8174934847 | ||
| 040 | _coclc | ||
| 082 |
_a337 _bMIT/I |
||
| 100 |
_aMithani, D M _9552 |
||
| 245 | 0 |
_aInternational Economics / _cD M Mithani |
|
| 250 | _a3rd ed. | ||
| 260 |
_bHimalaya Publishing House, _aDelhi: _c1998. |
||
| 300 | _a414p | ||
| 650 | _aEconomics | ||
| 942 |
_cBK _2ddc _h337 _iMIT/I _k337 _mMIT/I |
||